000 00574nam a2200229Ia 4500
003 0100
008 130303s9999 xx 000 0 und d
020 _a30811554
040 _cARRUPELIB
050 _aBX830.1962A7F 1969
100 _aVatican Council
245 _aChurch
245 _bvatican II's dogmatic constitution on the church
260 _aNew York
260 _bHolt, Rinehart and Winston
260 _C1969
300 _a142p.
300 _b 28cm.
440 _aThe Church dialogue series
700 _aFoote, Peter ... et al (eds)
942 0 0 _02
999 _c16672
_d16672